000 00675cam a2200205 4500
020 _a0486227294 (pbk)
082 0 0 _a519.5
_bLAN
_cD
100 1 _aLangley, Russell.
_939509
245 1 0 _aPractical statistics simply explained.
250 _aRev. ed.
260 _aNew York,
_bDover Publications
_c[1971, c1970]
300 _aix, 399 p.
_billus.
_c22 cm.
500 _a1968 ed. has title: Practical statistics for non-mathematical people.
526 _a0
_b0
_c0
_d519_500000000000000_LAN
650 0 _aNUST
_96342
650 0 _aProbabilities.
_979
650 0 _aStatistics.
_969
856 4 2 _uhttp://www.loc.gov/catdir/description/dover032/77145771.html
942 _2ddc
_cBK
999 _c543990
_d543990